Managing water for all : an OECD perspective on pricing and financing /

Uloženo v:
Podrobná bibliografie
Hlavní autor: Benn, Julia (Autor)
Další autoři: Harris, Julie (Editor)
Médium: Kniha
Jazyk:angličtina
Vydáno: Paris : OECD, 2009
Vydání:[1st ed.]
Témata:
ISBN:9789264050334
On-line přístup: Získat plný text
Tagy: Přidat tag
Žádné tagy, Buďte první, kdo vytvoří štítek k tomuto záznamu!

MARC

LEADER 00000nam a2200000 4500
003 SK-BrCVT
005 20220621162755.0
006 a####e######000#0#
008 100316s2009 fr ####e######000#0#eng d
020 |a 9789264050334 
035 |a CVTIDW1522423 
040 |b slo  |c CVT  |a CVTI SR  |e AACR2 
041 0 |a eng 
044 |a fr 
080 |a 628.1  |2 UDC-MRF 
080 |a 338.5  |2 UDC-MRF 
080 |a 614.777  |2 UDC-MRF 
100 1 |a Benn, Julia  |4 aut 
245 1 |a Managing water for all :  |b an OECD perspective on pricing and financing /  |c Authors: Julia Benn ... [et al.] ; editor: Julie Harris 
250 |a [1st ed.] 
260 |a Paris :  |b OECD,  |c 2009 
300 |a 147 s. :  |b grafy, tab. ; 
653 1 |a vodné hospodárstvo  |a zásobovanie vodou  |a finančné plánovanie  |a hygienická služba  |a súkromný sektor  |a vodný zdroj  |a odpadová voda 
655 7 |a prehľady  |2 SNKPH 
700 1 |a Harris, Julie  |4 edt 
710 2 |a Organisation for Economic Co-operation and Development, OECD (Paris, France)  |4 pbl 
852 |a CVTISR  |b 1 
856 4 |u http://ezproxy.cvtisr.sk/login.php?url=https://doi.org/10.1787/9789264059498-en 
910 |a BA002  |b E001665 
919 |a 978-92-64-05033-4 
959 |a o13 
974 |a rita.zubonyaiova  |f Knihy 
992 |a APH 
999 |c 152337  |d 152337